Bande dessinée belge - Albums à attribuer à leur auteur - Statistiques

Statistiques générales
  • Ce quiz a été pris 140 fois
  • Le résultat moyen est 31 sur 60
Statistiques - réponses
Question Tuile Select % Correct
Hergé IL ETAIT UNE FOIS EN FRANCE Non
100%
Hergé LE PILOTE AU MASQUE DE CUIR Non
100%
Hergé LES CULOTTES DE FER Non
100%
Hergé LES SABLES DU DESERT Non
98%
Hergé LA SERPE D'OR Non
97%
Hergé OBJECTIF LUNE Oui
97%
Hergé LES CIGARES DU PHARAON Oui
96%
André Franquin ROMA ROMA Non
92%
André Franquin LE LOTUS BLEU Non
90%
Hergé L'AFFAIRE DU COLLIER Non
89%
André Franquin O SUAIRES Non
88%
André Franquin TRAQUENARD AU HAVRE Non
88%
Peyo LE CRABE AUX PINCES D'OR Non
87%
Peyo LE LION DES FLANDRES Non
87%
André Franquin DESTINATION NEW YORK Non
85%
Peyo LA BALEINE QUI CHANTAIT FAUX Non
85%
André Franquin LA VALLEE DES COBRAS Non
84%
Peyo LE RENARD QUI LOUCHE Non
84%
André Franquin SENS INTERDIT Non
83%
Peyo LE BEBE SCHTROUMPF Oui
82%
Peyo LE ROYAUME DES EAUX NOIRS Non
82%
André Franquin DES GAFFES ET DES DEGATS Oui
79%
Roba DRACULEA Non
71%
Roba LONDRES EN PERIL Non
70%
Roba X-15 Non
67%
Roba L'ANGE BLOND Non
64%
André Franquin LE DICTATEUR ET LE CHAMPIGNON Oui
56%
Jean-Michel Charlier ON TUE AU THEATRE CE SOIR Non
56%
Jean-Michel Charlier VERCINGETORIX Non
56%
Hergé LES EXPLOITS DE QUICK ET FLUPKE Oui
55%
Jean-Michel Charlier RETOUR AUX CIGOGNES Non
51%
Jean-Michel Charlier OSIRIS Non
49%
André Franquin LA CORNE DE RHINOCEROS Oui
44%
Peyo LE LUTIN DU BOIS AUX ROCHES Oui
44%
Peyo LE SIRE DE MONTRESOR Oui
41%
Peyo LES TAXIS ROUGES Oui
40%
Jean-Michel Charlier L'ESPION VENU DU CIEL Non
39%
Peyo POUSSY Oui
38%
Hergé L'ERUPTION DU KARAMAKO Oui
27%
Jean-Michel Charlier LA PISTE DES SIOUX Oui
25%
Roba L'ECHAPPEE BILL Non
23%
André Franquin NON ! JE NE M'ENERVE PAS ! Oui
21%
Jean-Michel Charlier LA LONGUE MARCHE Oui
19%
Jean-Michel Charlier LA VALLEE DE LA MORT VERTE Oui
17%
Jean-Michel Charlier LE ROI DES 7 MERS Oui
15%
Hergé TOTOR CP DES HANNETONS Oui
15%
Jean-Michel Charlier CHEVALIER SANS ARMURE Oui
14%
Roba GENIE A REVENDRE Oui
14%
Roba .LA BOURSE OU L'HABIT Oui
13%
Roba GENIE DU FOOT Oui
12%
Roba LE VOLEUR QUI RIT Oui
10%
Roba KIDNAPPING Oui
9%
Jean-Michel Charlier LE PERIL GUETTE SOUS LA MER Oui
9%
Jean-Michel Charlier LE PIEGE ESPAGNOL Oui
9%
Roba LOIN DU TYROL! Oui
7%
André Franquin UN EMPIRE DE DIX ARPENTS Oui
5%
Peyo LA MER DE ROCHERS Oui
4%
Roba LUNE NOIRE Oui
4%
Peyo LE CHINOIS EST RANCUNIER Oui
1%
Hergé LE TRIOMPHE DE L'AIGLE ROUGE Oui
0%
Aucun quiz correspondant
Distribution des résultats
% des personnes avec chaque résultat
Percentile par nombre de réponses
Votre historique - résultats
Vous n’avez pas pris ce quiz